00413nam a2200121Ia 4500003000400000005001700004008004100021040001800062041000800080100004900088245011600137260003800253OSt20260120143205.0211028s2014 xx 000 0 und d cAIMIT LIBRARY aeng aJunidh, Mohammed; Shetty,Prathibha.g1216068 aStudy on the factors affecting the buying motives of Hyundai on car with special reference to popular Hyundai / aMangalurubPrathibha Shettyc2014